| 000 | 00708nam a2200217 i 4500 | ||
|---|---|---|---|
| 001 | 36260 | ||
| 003 | ES-MaACL | ||
| 005 | 20230906155332.0 | ||
| 007 | t| | ||
| 008 | 030217s1972 sp ||||1| spa d | ||
| 100 | 1 |
_aBrincourt, Christian. _931748 |
|
| 245 | 1 | 4 |
_aLos reporteros / _cChristian Bincourt, Michel Leblanc ; prólogo de Joseph Kessel ; [traducción: Edmon Vallés y Mauricio Wiensenthal]. |
| 250 | _a[1ª ed.]. | ||
| 260 |
_a[Barcelona] : _bNoguer, _c[1972] |
||
| 300 |
_a327 p. ; _c22 cm. |
||
| 700 | 1 |
_aKessel, Joseph. _967949 |
|
| 700 | 1 |
_aVallès, Edmon. _9112874 |
|
| 700 | 1 |
_aWiesenthal, Mauricio. _9116779 |
|
| 700 | 1 |
_aLeblanc, Michel. _971023 |
|
| 852 |
_aES-MaACL _jC-42238 _bR.81121 |
||
| 999 |
_c36260 _d36260 |
||